.Net application development with C#, ASP.Net, ADO.Net and web services

保存先:
書誌詳細
フォーマット: 図書
言語:Undetermined
出版事項: New York Pearson 2004
主題:
タグ: タグ追加
タグなし, このレコードへの初めてのタグを付けませんか!
Thư viện lưu trữ: Trung tâm Học liệu Trường Đại học Cần Thơ
LEADER 00577nam a2200193Ia 4500
001 CTU_94846
008 210402s9999 xx 000 0 und d
020 |c 680000 
082 |a 006.7 
082 |b N469 
245 0 |a .Net application development with C#, ASP.Net, ADO.Net and web services 
245 0 |c Hanspeter Mossenbock ... [et al.] 
260 |a New York 
260 |b Pearson 
260 |c 2004 
650 |a Microsoft.Net 
904 |i Giang 
910 |a Sách có đĩa CD kèm theo số: AV.002013 
980 |a Trung tâm Học liệu Trường Đại học Cần Thơ